Né en Corse - Statistiques

Statistiques générales
  • Ce quiz a été pris 278 fois
    191 depuis la dernière actualisation
  • Le résultat moyen est 4 sur 8
Statistiques - réponses
Indication Réponse % Correct
Premier empereur de France de 1804 à 1814 et encore en 1815 Ajaccio 1769 Napoléon Bonaparte
91%
Chef de la République corse (1755-1769) Morosaglia 1725 Pascal Paoli
83%
Chanteur, sa chanson "Petit Papa Noël" est la chanson la plus vendue de l'histoire en France Ajaccio 1907 Tino Rossi
82%
Chanteuse, "Moi...Lolita" "J'en ai marre" "L'Alizé" Ajaccio 1984 Alizée
61%
Footballeur international français qui remporté la Coupe de monde en 2018 (Lille, Marseille, Séville et Valence) Bastia 1985 Adil Rami
46%
Roi de Hollande de 1806 à 1810 Ajaccio 1778 Louis Bonaparte
38%
Parfumeur qui est considéré comme le père fondateur de l'industrie moderne de la parfumerie Ajaccio 1874 François Coty
15%
Compositeur et guitariste qui est l'un des membres fondateurs du groupe "The Police" Bastia 1952 Henry Padovani
15%
Aucun quiz correspondant
Distribution des résultats
% des personnes avec chaque résultat
Percentile par nombre de réponses
Votre historique - résultats
Vous n’avez pas pris ce quiz depuis la dernière actualisation